00000000nam##2200000za#4500
0019.580120
003CaOODSP
00520210624190903
007cr |||||||||||
008150406|2007||||xxc|||||o    f|0| 0 eng|d
022 |a1488-5387
040 |aCaOODSP|beng
043 |an-cn---
0861 |aFs97-4/2820E-PDF
1101 |aCanada. |bDepartment of Fisheries and Oceans.
24510|aQueen Charlotte Sound groundfish bottom trawl survey, July 3rd to August 3rd, 2007 / |h[electronic resource]|cby N. Olsen ... [et al.]
260 |aNanaimo - British Columbia : |bFisheries and Oceans Canada |c2007.
300 |a68p.|bfigs., references, tables
4901 |aCanadian manuscript report of fisheries and aquatic sciences|x1488-5387|vNo. 2820
500 |aFile reproduced from original print. On t.p.: Pacific Biological Station, Nanaimo, British Columbia. The catalogue number and ISSN for the print edition appear in the PDF version.
546 |a(Résumés en français)
590 |a14-14-Supp|b2014-07-24
7201 |aOlsen, N.
7760#|tQueen Charlotte Sound groundfish bottom trawl survey, July 3rd to August 3rd, 2007 / |w(CaOODSP)9.618708
830#0|aCanadian manuscript report of fisheries and aquatic sciences,|x1488-5387|vNo. 2820|w(CaOODSP)9.505211
85640|ahttp://publications.gc.ca|qPDF|s853 KB|uhttps://publications.gc.ca/collections/collection_2014/mpo-dfo/Fs97-4-2820-eng.pdf|yNo. 2820